000 00892nam a2200277 a 4500
001 1411376
003 OSt
005 20230629140932.0
008 830401s1982 enk b f000 0 eng
010 _a 83133254
020 _a0117010340 (pbk.) :
_c£3.15
040 _aDLC
_cDLC
_dDLC
043 _ae-uk---
050 0 0 _aKD7876
_b.J87 1982
082 0 0 _a347.41
_a344.107
_219
_bFCO
245 0 0 _aJustice and the law
_c
260 _aLondon :
_bH.M.S.O.,
_c1982.
300 _a31 p. ;
_c21 cm.
440 0 _aCentral Office of Information reference pamphlet ;
_v173
504 _aBibliography: p. 29-31.
650 0 _aCriminal justice, Administration of
_zGreat Britain.
650 0 _aJustice, Administration of
_zGreat Britain.
710 1 _aGreat Britain.
_bCentral Office of Information.
_bReference Services.
906 _a7
_bcbc
_corignew
_d3
_encip
_f19
_gy-gencatlg
942 _2ddc
_cBK
999 _c3100
_d3100